Κατάλογος Βιβλιοθηκών Mediterranean College

Analysis, Evaluation, Security Challenges and Improvements of OSPFv2 Routing Protocol and OSPF's IPv6 Version, OSPFv3 (Record no. 8709)

MARC details
000 -LEADER
fixed length control field 01251cam a22001694a 4500
005 - ΗΜΕΡΟΜΗΝΙΑ ΚΑΙ ΩΡΑ ΤΕΛΕΥΤΑΙΑΣ ΕΝΗΜΕΡΩΣΗΣ
Πεδίο ελέγχου 20250605164344.0
008 - FIXED-LENGTH DATA ELEMENTS--GENERAL INFORMATION
Πεδίο ελέγχου σταθερού μήκους 250528s ||||||||||||||||||||||||d
035 ## - SYSTEM CONTROL NUMBER
System control number 23772
040 ## - ΠΗΓΗ ΚΑΤΑΛΟΓΟΓΡΑΦΗΣΗΣ
Φορέας πρωτότυπης καταλογογράφησης MC Athens Campus Library
Γλώσσα καταλογογράφησης Ελληνικά, Μοντέρνα (1453-)
Modifying agency MC Athens Campus Library
Κανόνες περιγραφικής καταλογογράφησης AACR2
245 1# - ΤΙΤΛΟΣ ΚΑΙ ΔΗΛΩΣΗ ΥΠΕΥΘΥΝΟΤΗΤΑΣ
Τίτλος Analysis, Evaluation, Security Challenges and Improvements of OSPFv2 Routing Protocol and OSPF's IPv6 Version, OSPFv3
300 ## - PHYSICAL DESCRIPTION
Extent 23
520 ## - SUMMARY, ETC.
Summary, etc. Introduction, OSPF Overview, Routing Hierarchy in OSPF, Basic Implementation Requirements, LSA's, Dijkstra Algorithm, Security Strengths in OSPF, Security Weak Points in OSPF, External Threats, Internal Threats, Basic OSPF Vulnerabilities, Damages that Can Caused by a Possible Attack on the Network, Types of Attacks in OSPF Protocol, The Ji Nao Team Attacks, Other Attacks against the OSPF Fight Back Mechanism, Two New Attacks on the OSPF Protocol, Remote False Adjacency Attack, Disguised LSA, OSPFv3, OSPFv3 Introduction, OSPFv3 Differences from OSPFv2, LSA Types for OSPFv3, Authentication and Confidentiality for OSPFv3, OSPFv3 Security Association, Management and Technical Issues with OSPFv3, OSPF Topology Authentication Lab Test, Conclusion, References.
700 1# - ΠΡΟΣΘΕΤΗ ΑΝΑΓΡΑΦΗ--ΦΥΣΙΚΟ ΠΡΟΣΩΠΟ
Personal name Kosmidis Konstantinos
9 (RLIN) 9305
942 ## - ADDED ENTRY ELEMENTS (KOHA)
Koha item type Διπλωματική εργασία
Holdings
Τύπος τεκμηρίου Βιβλιοθήκη Τρέχουσα τοποθεσία Barcode Ημερομηνία απόκτησης Ταξιθετικό σύμβολο Αριθμός αντιτύπου Κατάσταση απόσυρσης Κατάσταση χαμένου Κατάσταση κατεστραμμένου Μη δανεισμός Σύνολο δανεισμών Ημερομηνία τελευταίας εμφάνισης Η τιμή ισχύει από
Διπλωματική εργασία MC Athens Campus Library MC Athens Campus Library 9780000087089 05/06/2025 COMP 2016 (8) 1           05/06/2025 05/06/2025

MC Athens Campus Library
Πατησίων 94 & Κοδριγκτώνος 13, 104 34
Πελλήνης 8 & Πατησίων 107, 112 51
Τ: +30 210 8899600

MC Thessaloniki Campus Library
Ίωνος Δραγούμη 21, 54625 | Ίωνος Δραγούμη 15, 54625
Τ: +30 2310 287779 – Τ: +30 2314 440300